|
|
|
|
| LEADER |
00000cam a2200000 7i4500 |
| 001 |
0000003995 |
| 005 |
20220105103955.0 |
| 008 |
070724 |
| 020 |
|
|
|a 0721415393
|
| 090 |
0 |
0 |
|a JP
|b FT ENG (5162)
|
| 245 |
0 |
4 |
|a The gingerbread man
|c This ladybird retelling by Audrey Daly;Illustrated by Peter Stevenson
|
| 260 |
|
|
|a London :
|b Ladybird Books Ltd ,
|c 1993
|
| 440 |
|
|
|a Ladybird favourite tales
|
| 500 |
|
|
|a Children age 4-6 years old (yellow)
|
| 650 |
|
0 |
|a Fairy tale
|
| 650 |
|
0 |
|a Junior preschool
|x English
|x Languages
|
| 700 |
0 |
|
|a Daly, Audrey
|
| 700 |
0 |
|
|a Stevenson,Peter
|
| 999 |
|
|
|a 0000894360
|b Book
|c Children Collection
|e Cawangan Segamat
|
| 999 |
|
|
|a 0000894362
|b Book
|c Children Collection
|e Cawangan Tangkak
|
| 999 |
|
|
|a 0000894364
|b Book
|c Children Collection
|e Cawangan Mersing
|
| 999 |
|
|
|a 0000894367
|b Book
|c Children Collection
|e Cawangan Bandar Penawar
|
| 999 |
|
|
|a 0000894369
|b Book
|c Children Collection
|e Cawangan Pontian
|
| 999 |
|
|
|a 0000972796
|b Book
|c Children Collection
|e Cawangan Tmn. Ungku Tun Aminah
|
| 999 |
|
|
|a 0000972797
|b Book
|c Children Collection
|e Perbadanan Perpustakaan Awam Johor
|
| 999 |
|
|
|a 0000972798
|b Book
|c Children Collection
|e Perbadanan Perpustakaan Awam Johor
|
| 999 |
|
|
|a 0000972799
|b Book
|c Children Collection
|e Perbadanan Perpustakaan Awam Johor
|
| 999 |
|
|
|a 0000972800
|b Book
|c Children Collection
|e Perbadanan Perpustakaan Awam Johor
|